Proyecto de mejoramiento del puerto de Valparaíso
محفوظ في:
| المؤلف الرئيسي: | |
|---|---|
| التنسيق: | كتاب |
| اللغة: | الإسبانية |
| منشور في: |
La Haya
S. Lankhout
1900
|
| الموضوعات: | |
| الوسوم: |
إضافة وسم
لا توجد وسوم, كن أول من يضع وسما على هذه التسجيلة!
|
MARC
| LEADER | 00000nam a2200000 a 4500 | ||
|---|---|---|---|
| 001 | UCN0577 | ||
| 003 | CL-VaPUC | ||
| 008 | 010330e19000000NE |||||||||||||||||spa|d | ||
| 082 | 0 | 4 | |a 387.10983 |b KRA |2 21 |
| 100 | |a Kraus, Jacob |e author |9 517145 | ||
| 245 | 1 | 0 | |a Proyecto de mejoramiento del puerto de Valparaíso |
| 300 | |a 3 v | ||
| 942 | |c BK | ||
| 945 | |d 20010330 00:00:00 |a crobeson | ||
| 260 | |a La Haya |b S. Lankhout |c 1900 | ||
| 500 | |a Incluye laminas | ||
| 650 | 0 | |a Puertos |9 260105 | |
| 650 | 7 | |a MANTENIMIENTO Y REPARACION |2 CL-VaPUC |9 260850 | |
| 651 | 7 | |a CHILE |2 CL-VaPUC |9 455849 | |
| 651 | 0 | |a Valparaíso, Chile |9 261144 | |
| 583 | |a last modification |c 20010330 00:00:00 |k Rodrigo Vera | ||
| 999 | |c 294311 |d 294309 | ||
| 952 | |0 0 |1 0 |4 0 |6 387_109830000000000_KRA_1900 |7 0 |8 F |9 346573 |a BIBARQ |b BIBARQ |d 2019-11-20 |h v.1 |i 1245899 |o 387.10983 KRA 1900 |p 1245899 |r 2025-01-20 |w 2019-11-20 |y BK_F |k ARQ | ||
| 952 | |0 0 |1 0 |4 0 |6 387_109830000000000_KRA_1900 |7 0 |8 F |9 346574 |a BIBARQ |b BIBARQ |d 2019-11-20 |h v.2 |i 1245902 |o 387.10983 KRA 1900 |p 1245902 |r 2025-01-20 |w 2019-11-20 |y BK_F |k ARQ | ||
| 952 | |0 0 |1 0 |4 0 |6 387_109830000000000_KRA_1900 |7 0 |8 F |9 346575 |a BIBARQ |b BIBARQ |d 2019-11-20 |h v.3 |i 1245910 |o 387.10983 KRA 1900 |p 1245910 |r 2025-01-20 |w 2019-11-20 |y BK_F |k ARQ | ||